| 000 | 00379nam a2200109Ia 4500 | ||
|---|---|---|---|
| 008 | 171204s9999 xx 000 0 und d | ||
| 245 | _aOn Story—Screenwriters and Filmmakers on Their Iconic Films: | ||
| 245 | _cAustin Film Festival, Barbara Morgan, and Maya Perez | ||
| 260 | _c2016 | ||
| 650 | _xINTRODUCTION TO FILM | ||
| 856 | _uhttp://down.ebook777.com/039/9781477310908.pdf | ||
| 999 |
_c346089 _d346089 |
||